Statistics for 07福島県の市町村(選択形式)

Click here to take the quiz!

General Stats

  • This quiz has been taken 8 times
  • The average score is 29 of 59

Answers on the Map

Answers color-coded by a green-red scale on the quiz's map according to % correct below.
 

Answer Stats

Answer% Correct
01:福島市
75%
02:会津若松市
75%
06:須賀川市
75%
08:相馬市
75%
03:郡山市
50%
04:いわき市
50%
05:白河市
50%
07:喜多方市
50%
09:二本松市
50%
10:田村市
50%
11:南相馬市
50%
12:伊達市
50%
13:本宮市
50%
15:国見町
50%
16:川俣町
50%
17:大玉村
50%
18:鏡石町
50%
19:天栄村
50%
20:下郷町
50%
21:檜枝岐村
50%
22:只見町
50%
23:南会津町
50%
24:北塩原村
50%
25:西会津町
50%
26:磐梯町
50%
27:猪苗代町
50%
28:会津坂下町
50%
29:湯川村
50%
30:柳津町
50%
31:三島町
50%
32:金山町
50%
33:昭和村
50%
34:会津美里町
50%
35:西郷村
50%
36:泉崎村
50%
37:中島村
50%
38:矢吹町
50%
39:棚倉町
50%
41:塙町
50%
42:鮫川村
50%
43:石川町
50%
45:平田村
50%
47:古殿町
50%
48:三春町
50%
50:広野町
50%
51:楢葉町
50%
52:富岡町
50%
53:川内村
50%
54:大熊町
50%
55:双葉町
50%
56:浪江町
50%
57:葛尾村
50%
58:新地町
50%
59:飯舘村
50%
14:桑折町
25%
40:矢祭町
25%
44:玉川村
25%
46:浅川町
25%
49:小野町
25%

Score Distribution

Percentile by Number Answered

Percent of People with Each Score

Your Score History

You have not taken this quiz